• 首页
  • 本馆介绍
  • 公告通知
  • 最新文献
  • 馆藏检索
  • 电子资源
  • 读者导购
  • 参考咨询
  • 我的图书馆
  • 登录
  • 详细信息显示
  • 放入我的书架
  • 预约/预借图书
  • 作者相关作品
  • 分类相关作品
  • 丛书相关作品
  • 出版社相关作品

书目信息

  • 表格格式
  • 工作单格式
  • 卡片格式
题名:
乐在工作
    
 
作者: 凯普 , Cape 著 ;黄浩波 编译
分册:  
出版信息: 天津   天津社会科学院出版社  2004
页数: 229页
开本: 21cm
丛书名:
单 册:
中图分类: C970.4-49 , B026-49
科图分类:
主题词: 劳动心理学--通俗读物 , 劳动心理学 , 辩证唯物主义
电子资源:
ISBN: 7-80688-152-2
000 00940nam0 2200289 450
001 1571451559
005 20150122195112.28
010    @a7-80688-152-2@dCNY16.00
100    @a20060408d2004 em y0chiy0110 ea
101 0  @achi
102    @aCN@b120000
105    @ay z 000yy
200 1  @a乐在工作@9Le Zai Gong Zuo@f费拉尔·凯普著@FFei La Er· Kai Pu Zhu@g黄浩波编译
210    @a天津@c天津社会科学院出版社@d2004
215    @a229页@d21cm
330    @a本书运用了一个个引人入胜的故事,告诉我们怎样在工作中树立正确的心态,如何在工作中寻找乐趣并保持工作激情,直至获得最后的成功。
510 1  @aSeek pleasure in working@zeng
606 0  @a劳动心理学@j通俗读物
606 0  @a劳动心理学
606 0  @a辩证唯物主义
690    @aC970.4-49@v5
690    @aB026-49@v4
701  1 @a凯普@9Kai Pu@bF.@4著
701  1 @aCape@bFerrar@4著
702  0 @a黄浩波@9Huang Hao Bo@4编译
801  0 @aCN@bTSSF@c20150122
905    @aZUCC@dB026-49@eJY62
    
    乐在工作/费拉尔·凯普著/黄浩波编译.-天津:天津社会科学院出版社,2004
    229页;21cm
    
    
    ISBN 7-80688-152-2:CNY16.00
    本书运用了一个个引人入胜的故事,告诉我们怎样在工作中树立正确的心态,如何在工作中寻找乐趣并保持工作激情,直至获得最后的成功。
●
相关链接 在E读中查询图书 在五车中查询图书 在当当中查询图书 在豆瓣中查询图书


正题名:乐在工作     索取号:B026-49/JY62         预约/预借

序号 登录号 条形码 馆藏地/架位号 状态 备注
1 7840062   278400623   学院路分馆/ [索取号:B026-49/JY62] 在馆    
唐山师范学院图书馆 欢迎您!
大连网信软件有限公司© 版权所有